00760nam a2200181Ia 4500008004100000020001500041041001200056082001600068100001700084245007200101260002500173300000800198650000800206942000700214999001500221952017100236952017100407221030s9999 xx 000 0 und d a8120308824 aEnglish a105.23bSen aJ. M. Senior 0aOptical Fiber Communications Principles & Practicecby J. M. Senior bPHIaNew Delhic2000 a921 aECE cBK c6830d6830 pBE 2412g250.00l0o105.23 Senr2024-06-13 00:00:00w2022-10-30yBK003Print4070aMIETLIBbMIETLIBcBL-Academic Block-a, FL-1, CUP-15, SH-1, R-1d2001-01-2010HBE pBE 2411g250.00l0o105.23 Senr2024-06-13 00:00:00w2022-10-30yBK003Print4070aMIETLIBbMIETLIBcBL-Academic Block A, FL-1, CUP-15, SH-1, R-0d2001-01-2010HBE